01359nam a2200349Ia 4500001001200000003000800012006001900020007001500039008004100054010001700095020004300112020004000155040002100195035002100216050002800237245010400265260004000369300002400409490002600433504005100459533015200510650004100662650004000703655002900743700001800772700002000790710001200810710001700822830002700839856012600866999001700992ebr10256729CaPaEBRm u cr cn|||||||||080417s2008 maua sb 001 0 eng d z 2008017557 z9780262073028 (hardcover : alk. paper) z0262073021 (hardcover : alk. paper) aCaPaEBRcCaPaEBR a(OCoLC)31091339414aQC981.8.C5bD436 2008eb04aThe design of climate policyh[electronic resource] /cedited by Roger Guesnerie and Henry Tulkens. aCambridge, MA :bMIT Press,cc2008. axii, 397 p. :bill.1 aCESifo seminar series aIncludes bibliographical references and index. aElectronic reproduction.bPalo Alto, Calif. :cebrary,d2011.nAvailable via World Wide Web.nAccess may be limited to ebrary affiliated libraries. 0aClimatic changesxGovernment policy. 0aClimatic changesxEconomic aspects. 7aElectronic books.2local1 aGuesnerie, R.1 aTulkens, Henry.2 aCESifo.2 aebrary, Inc. 0aCESifo seminar series.40uhttp://site.ebrary.com/lib/rucke/Doc?id=10256729zAn electronic book accessible through the World Wide Web; click to view c13362d13362